Globalización de las transferencias electrónicas de fondos a través de cajeros automáticos / (Registro nro. 29944)
[ vista simple ]
| 000 -LEADER | |
|---|---|
| fixed length control field | 01358nam a2200253Ia 4500 |
| 003 - CONTROL NUMBER IDENTIFIER | |
| control field | CO-CtgCURN |
| 005 - DATE AND TIME OF LATEST TRANSACTION | |
| control field | 20250409210216.0 |
| 008 - FIXED-LENGTH DATA ELEMENTS--GENERAL INFORMATION | |
| fixed length control field | 190724s9999 xx 000 0 und d |
| 020 ## - INTERNATIONAL STANDARD BOOK NUMBER | |
| International Standard Book Number | 958819203X |
| 040 ## - CATALOGING SOURCE | |
| Original cataloging agency | CO-CtgCURN |
| Language of cataloging | spa |
| Transcribing agency | coctgcurn |
| 082 ## - DEWEY DECIMAL CLASSIFICATION NUMBER | |
| Classification number | 364.168 |
| Item number | C569 |
| 100 ## - MAIN ENTRY--PERSONAL NAME | |
| Personal name | Cifuentes Munoz, Manuel Enrique |
| 9 (RLIN) | 6950 |
| Relator term | autor |
| 245 #0 - TITLE STATEMENT | |
| Title | Globalización de las transferencias electrónicas de fondos a través de cajeros automáticos / |
| Statement of responsibility, etc. | Manuel Enrique Cifuentes Munoz, Jaime Ospina Velasco y Carlos Mario Serna Jaramillo |
| 260 ## - PUBLICATION, DISTRIBUTION, ETC. | |
| Place of publication, distribution, etc. | Medellín, Antioquia : |
| Name of publisher, distributor, etc. | Grupo Editorial Ibañez, |
| Date of publication, distribution, etc. | 2002 |
| 300 ## - PHYSICAL DESCRIPTION | |
| Extent | 206 páginas ; |
| Dimensions | 23 centímetros. |
| 505 ## - FORMATTED CONTENTS NOTE | |
| Formatted contents note | Cap.1. Marco legal colombiano del arbitraje de monedas a través de cajeros automáticos y criterios fundamentales para la prevención del lavado de activos -- Cap.2. Marco tributario del arbitraje internacional de monedas a través de cajeros automáticos -- Cap.3.Prevencion del lavado de activos en operaciones de arbitraje internacional. |
| 521 ## - TARGET AUDIENCE NOTE | |
| Target audience note | AREA PROFESIONAL |
| 590 ## - LOCAL NOTE (RLIN) | |
| Local note | Programa de Derecho_18 |
| 650 ## - SUBJECT ADDED ENTRY--TOPICAL TERM | |
| Topical term or geographic name entry element | Transferencias electrónicas |
| 9 (RLIN) | 6951 |
| 700 ## - ADDED ENTRY--PERSONAL NAME | |
| Personal name | Ospina Velasco, Jaime |
| 9 (RLIN) | 6952 |
| Relator term | autor |
| 700 ## - ADDED ENTRY--PERSONAL NAME | |
| Personal name | Serna Jaramillo, Carlos Mario |
| 9 (RLIN) | 6953 |
| Relator term | autor |
| 942 ## - ADDED ENTRY ELEMENTS (KOHA) | |
| Koha item type | Libros |
| Classification part | 364.168 |
| Item part | C569 |
| Source of classification or shelving scheme | Dewey Decimal Classification |
| Withdrawn status | Lost status | Damaged status | Not for loan | Collection | Home library | Current library | Shelving location | Date acquired | Inventory number | Total checkouts | Full call number | Barcode | Date last seen | Copy number | Price effective from | Koha item type |
|---|---|---|---|---|---|---|---|---|---|---|---|---|---|---|---|---|
| Miguel Henríquez Castañeda Barranquilla | Miguel Henríquez Castañeda Barranquilla | General | 05/23/2018 | 02066 | 364.168 C569 | 02066 | 07/25/2019 | ej.1 | 07/25/2019 | Libros |